header

Snowy animals / (Record no. 264631)

MARC details
000 -LEADER
fixed length control field 00794nam a22002417a 4500
003 - CONTROL NUMBER IDENTIFIER
control field OSt
005 - DATE AND TIME OF LATEST TRANSACTION
control field 20241029151858.0
008 - FIXED-LENGTH DATA ELEMENTS--GENERAL INFORMATION
fixed length control field 241029b xxu||||| |||| 00| 0 eng d
010 ## - LIBRARY OF CONGRESS CONTROL NUMBER
LC control number 2012286573
020 ## - INTERNATIONAL STANDARD BOOK NUMBER
International Standard Book Number 1465414304
International Standard Book Number 9781465414304
040 ## - CATALOGING SOURCE
Transcribing agency DLC
050 ## - LIBRARY OF CONGRESS CALL NUMBER
Classification number PZ7
Item number .G1763 2013
100 ## - MAIN ENTRY--PERSONAL NAME
Personal name Gardner, Charlie.
245 ## - TITLE STATEMENT
Title Snowy animals /
Statement of responsibility, etc [text, Charlie Gardner ; design, Susan Calver].
260 ## - PUBLICATION, DISTRIBUTION, ETC. (IMPRINT)
Place of publication, distribution, etc New York :
Name of publisher, distributor, etc DK Publishing,
Date of publication, distribution, etc 2013
300 ## - PHYSICAL DESCRIPTION
Extent 1 v. (unpaged) :
Other physical details col. ill. ;
Dimensions 16 cm.
490 ## - SERIES STATEMENT
Series statement Who am I?
500 ## - GENERAL NOTE
General note "Packed with peepholes and simple facts, this intriguing guessing-game book makes learning about snowy animals fun!"--Back cover.
650 ## - SUBJECT ADDED ENTRY--TOPICAL TERM
Topical term or geographic name as entry element Animals
Form subdivision Juvenile fiction.
830 ## - SERIES ADDED ENTRY--UNIFORM TITLE
Uniform title DK who am I?
942 ## - ADDED ENTRY ELEMENTS (KOHA)
Source of classification or shelving scheme Library of Congress Classification
Koha item type Long Loan Books
Holdings
Withdrawn status Lost status Source of classification or shelving scheme Damaged status Not for loan Collection code Home library Current library Shelving location Date acquired Total Checkouts Full call number Barcode Date last seen Price effective from Koha item type
    Library of Congress Classification     Fiction Rongo University Library Rongo University Library Children's Area 29/10/2024   PZ7 .G1763 2013 CL20243448 29/10/2024 29/10/2024 Long Loan Books

© 2026 Rongo University
Contact us: librarian | system librarian | Rongo university